| 000 | 01851nam a2200217 a 4500 | ||
|---|---|---|---|
| 001 | 000060579 | ||
| 003 | AM-YeHGA | ||
| 005 | 20250617153315.0 | ||
| 008 | 990414s1979 ru ||||||| | ||| | rus|| | ||
| 040 | _aAM-YeHGA | ||
| 245 | 0 | 0 |
_aАстрономический календарь на ... : _bПеременная часть : Ежегодник / _cВсесоюзное астрономо-геодезическое общество ; Редкол. П.И. Бакулин и др. ; |
| 260 |
_aМосква : _bФизматгиз , _c1895- |
||
| 300 |
_aт. _bил., карт., табл.; |
||
| 500 | _aОснован в 1895 Нижегородским кружком любителей физики и астрономии | ||
| 505 | 1 | 0 |
_g1907, Вып. 13 (1906; 118 с.); _g1934, Вып. 37 (1933; 254 с.); _g1959, Вып. 62 (1958; 371 с.); _g1960, Вып. 63 (1959; 352 с.); _g1961, Вып. 64 (1960; 331 с.); _g1962, Вып. 65 ( 1961; 260 с.); _g1972 , Вып. 75 (1971; 312 с.) ; _g1973, Вып. 76 (1972; 223 с); _g1974, Вып. 77 (1973; 280 с.); _g1975, Вып. 78 (1974; 221 с.); _g1976, Вып. 79 (1975; 296 с.); _g1977, Вып. 80 (1976; 304 с.); _g1978, Вып. 81 (1977; 288 с.); _g1979, Вып. 82 (1978; 336 с.); _g1980, Вып. 83 (1979; 349 с); _g1981, Вып. 84 (1980; 320 с.); _g1983, Вып. 86 (1982; 320 с.); _a1984, Вып. 87 (1983; 319 с.); |
| 505 | 1 | 0 |
_g1984, Вып. 87 (1983; 319 с.); _g1985, Вып. 88 (1984, 320 с.); _g1986, Вып. 89 (1985; 304 с.); _g1988, Вып. 91 (1987; 236 с.); _g1989, Вып. 92 (1988; 318 с.); _g1990, Вып. 93 (1989; 336 с.); _g1992, Вып. 95 (1991; 352 с.); _g1993, Вып. 96 (1992; 283 с.); |
| 650 | 4 | _aАстрономические календари | |
| 700 | 1 | 0 |
_aБакулин, Павел Иванович _4edt |
| 942 |
_2udc _cBK |
||
| 090 | _c390717 | ||
| 999 |
_c388719 _d388719 |
||